| 000 | 01469cam a2200397 i 4500 | ||
|---|---|---|---|
| 001 | 15885382 | ||
| 003 | EG-ScBUE | ||
| 005 | 20240418104641.0 | ||
| 008 | 090828t2010 enka f b 001 0 eng d | ||
| 020 | _a9780415564021 (hardback) | ||
| 020 | _a0415564026 (hardback) | ||
| 020 | _a9780415564038 (pbk.) | ||
| 020 | _a0415564034 (pbk.) | ||
| 035 | _a(OCoLC)ocn424554634 | ||
| 040 |
_aDLC _beng _erda _cDLC _dBTCTA _dBWKUK _dBWK _dUKM _dYDXCP _dDLC _dEG-ScBUE |
||
| 043 | _aa-cc--- | ||
| 082 | 0 | 4 |
_222 _a951.06 _bCHI |
| 245 | 0 | 0 |
_aChinese politics : _bstate, society and the market / _cedited by Peter Hays Gries and Stanley Rosen. |
| 264 | 1 |
_aLondon ; _aNew York : _bRoutledge, _c[2010] |
|
| 264 | 4 | _cc2010 | |
| 300 |
_axiv, 279 pages : _billustrations ; _c24 cm. |
||
| 336 |
_2rdacontent _atext _btxt |
||
| 337 |
_aunmediated _2rdamedia _bn |
||
| 338 |
_avolume _bnc _2rdacarrier |
||
| 490 | 0 | _aAsia's transformations | |
| 504 | _aIncludes bibliographical references and index. | ||
| 651 | 7 |
_aChina _xPolitics and government _y2002- _2BUEsh _922651 |
|
| 651 | 7 |
_aChina _xEconomic conditions _y2000- _2BUEsh _922652 |
|
| 651 | 7 |
_aChina _xSocial conditions _y2000- _2BUEsh _922653 |
|
| 655 | _vReading book | ||
| 700 | 1 |
_aGries, Peter Hays, _d1967- _eeditor. _922654 |
|
| 700 | 1 |
_aRosen, Stanley, _d1942- _eeditor. _922655 |
|
| 942 |
_2ddc _cBB |
||
| 999 |
_c15031 _d15031 |
||